000
00199nam a2200073Ia 4500
008
170524s9999 xx 000 0 und d
100
_a
JAWADEKAR-W S
245
0
_a
Management Information Systems
260
_b
TATA MCGRAW HILL NEW DELHI
999
_c
8501
_d
8501